Mirador cielo

সংরক্ষণ করুন:
গ্রন্থ-পঞ্জীর বিবরন
সংস্থা লেখক: Museo Interactivo Mirador (Author), Dirección Sociocultural. Presidencia de la República (Author)
বিন্যাস: গ্রন্থ
ভাষা:স্প্যানিশ
প্রকাশিত: Santiago Confín Ediciones 2015
সংস্করন:1a. ed
বিষয়গুলি:
ট্যাগগুলো: ট্যাগ যুক্ত করুন
কোনো ট্যাগ নেই, প্রথমজন হিসাবে ট্যাগ করুন!

MARC

LEADER 00000cam a2200000 a 4500
001 UCC0434
003 CL-VaPUC
008 170811e20150000cl |||||||||||||||||spa|d
020 |a 9789568995218 
082 0 4 |a 520  |b MUS  |2 21 
110 2 |a Museo Interactivo Mirador  |e author  |9 594400 
710 2 |a Dirección Sociocultural. Presidencia de la República  |e author  |9 594401 
245 1 0 |a Mirador cielo 
246 1 0 |a Mirador tierra 
250 |a 1a. ed 
300 |a pág. irreg 
942 |c BK 
945 |d 20170811 15:21:00  |a arojas 
260 |a Santiago  |b Confín Ediciones  |c 2015 
650 0 |a Observatorios astronómicos  |9 546108 
650 0 |a Astronomía  |9 260985 
650 0 |a Arqueología americana   |9 302624 
650 0 |a Investigación científica  |9 259857 
583 |a last modification  |c 20170811 15:21:00  |k Rodrigo Vera 
999 |c 369275  |d 369273